000 00825nam a22002297a 4500
003 OSt
005 20260423011713.0
008 251125b |||||||| |||| 00| 0 eng d
020 _a978-0-471-77091-6.
040 _aDWCL-Main lib
_cOC
082 _24th ed.
_aCirc. 618.92 C855 2007
100 _aProut H. Thomson
245 _aCounseling and psychotherapy with children and adolescents :
_btheory and practice for school and clinical settings 4th ed.
_cProut H. Thomson
260 _aN. J. :
_bJohn Wiley & Sons, Inc.,
_cc2007.
300 _axii, 468 pages ;
_c26 cm.
504 _aIncludes bibliographical references and index.
650 _21. Adolescent psychology.
650 _22. Child psychology.
650 _23. Children-Counseling of.
700 _aBrown, Douglas T.
942 _2ddc
_cBK-CIRC
_e4th ed.
_kCirc.
_n0
999 _c6303
_d6303